Statistics for Top 20 Biggest Countries In The World

Click here to take the quiz!

General Stats

  • This quiz has been taken 40 times
  • The average score is 17 of 20

Answer Stats

NumberAnswer% Correct
3China
100%
1Russia
100%
5Brazil
97%
2Canada
97%
6Australia
95%
4USA
95%
7India
92%
14Mexico
92%
8Argentina
86%
9Kazakhstan
86%
19Mongolia
86%
13Saudi Arabia
84%
11DR Congo
81%
15Indonesia
81%
18Iran
81%
10Algeria
76%
16Sudan
76%
17Libya
68%
20Peru
62%
12Greenland
24%

Score Distribution

Percentile by Number Answered

Percent of People with Each Score

Your Score History

You have not taken this quiz